The determination of chlorinity by the Knudsen method
সংরক্ষণ করুন:
| প্রধান লেখক: | , |
|---|---|
| বিন্যাস: | গ্রন্থ |
| ভাষা: | ইংরেজি |
| প্রকাশিত: |
Nueva York
G. M. Manufacturing Company
1962
|
| বিষয়গুলি: | |
| ট্যাগগুলো: |
ট্যাগ যুক্ত করুন
কোনো ট্যাগ নেই, প্রথমজন হিসাবে ট্যাগ করুন!
|
MARC
| LEADER | 00000nam a2200000 a 4500 | ||
|---|---|---|---|
| 001 | UCV5342 | ||
| 003 | CL-VaPUC | ||
| 008 | 930430e19620000US |||||||||||||||||eng|d | ||
| 082 | 0 | 4 | |a 551.4601 |b OXN |2 21 |
| 100 | 0 | |a Oxner, Mieczyslaw |e author |9 299671 | |
| 700 | 0 | |a Knudsen, Martin |e author |9 299672 | |
| 245 | 1 | 4 | |a The determination of chlorinity by the Knudsen method |
| 246 | 1 | 0 | |a Hydrographical tables |
| 300 | |a 86 p | ||
| 942 | |c BK | ||
| 945 | |d 19930430 00:00:00 | ||
| 260 | |a Nueva York |b G. M. Manufacturing Company |c 1962 | ||
| 650 | 0 | |a Aguas marinas |9 261166 | |
| 650 | 7 | |a HIDROGRAFIA |2 CL-VaPUC |9 261115 | |
| 650 | 7 | |a TABLAS |2 CL-VaPUC |9 262082 | |
| 583 | |a last modification |c 20180523 10:28:36 |k Rodrigo Vera | ||
| 999 | |c 211896 |d 211894 | ||
| 952 | |0 0 |1 0 |2 ddc |4 0 |6 551_460100000000000_OXN_1962 |7 0 |8 CCM |9 191919 |a BIBCUR |b BIBCUR |c PAC |d 2019-11-14 |i 2594501 |o 551.4601 OXN 1962 |p 2594501 |r 2025-04-22 |w 2019-11-14 |y BK |k CIM | ||